History Quiz

Random History or War Quiz

D-Day Beaches Quiz Stats

 Plays Quiz Updated Jun 6, 2014

     
Support Sporcle.
Go Orange.
Score 0/5 Timer 01:00
3 Plays Today
country(s) that invaded % Correct
United StatesOmaha
93.7%
CanadaJuno
76.8%
United StatesUtah
70.5%
United KingdomGold
70%
United KingdomSword
70%

From the Vault

World Capitals 7-to-1

by samc67

This quiz is much cheaper than traveling to all of these places.
Remove Ads.
Support Sporcle.
Get the best of Sporcle when you Go Orange. This ad-free experience offers more features, more stats, and more fun while also helping to support Sporcle. Thank you for becoming a member.

Show Comments

Extras

Top Quizzes Today


Score Distribution

Your Account Isn't Verified!

In order to create a playlist on Sporcle, you need to verify the email address you used during registration. Go to your Sporcle Settings to finish the process.

Report this User

Report this user for behavior that violates our Community Guidelines.

Details: